Word Ladder: Broadway Shows Quiz Stats

 Plays Quiz Updated Nov 11, 2016

Challenge
Share
Tweet
Embed
Score 0/32 Timer 04:00
0 Plays Today
Clue Answers % Correct
'____ With the Wind'GONE
96.5%
'Jersey ____'BOYS
95.6%
'____ and Dolls'GUYS
95.5%
Orson Welles' 'Citizen ____'KANE
95.5%
Award given to Broadway showsTONY
95%
Play things for childrenTOYS
94.9%
Anything ____GOES
94.9%
Small horsePONY
94.5%
'Kiss Me, ____'KATE
93.7%
Holder for ice creamCONE
93.6%
Mini-house used for campingTENT
93.5%
Weight measurement for 2000 poundsTONS
93.4%
PurchasesBUYS
93.1%
'A Chorus ____'LINE
92.3%
2nd longest running broadway showCATS
91.4%
Performer BlanchettCATE
91.3%
Clue Answers % Correct
How many Tony Awards 'The Scottsboro Boys' wonNONE
88.8%
Bills with Alexander Hamilton in the USTENS
88.5%
9th longest running show on BroadwayRENT
88.1%
Nathan of 'The Producers'LANE
87.8%
Corn breadPONE
87.3%
Golfing needsTEES
86.4%
Star of 'Singin’ in the Rain'GENE
85.6%
SlicesCUTS
85.3%
1982 Tony winner based on the film '8 1/2'NINE
85.1%
OrgansGUTS
84.7%
Disco music's Bee ____GEES
83.5%
Actress Russo of 'Get Shorty'RENE
81.9%
'Smokey ____ Café'JOE'S
73.9%
Composer of the music for 'Movin’ Out'JOEL
62.1%
Composer and director CowardNOEL
61.7%
Composer of rungs 4 and 18COLE
34.9%

Today's Daily Dose

Missing Word
Entertainment 'L'

Word Ladder
Fingers

Quick Pick
When in Rome

On This Day
December 15th II

You're not logged in!

Compare scores with friends on all Sporcle quizzes.
OR
Log In

You Might Also Like...

Show Comments

Extras

Top Quizzes Today


Score Distribution

Your Account Isn't Verified!

In order to create a playlist on Sporcle, you need to verify the email address you used during registration. Go to your Sporcle Settings to finish the process.

Report this User

Report this user for behavior that violates our Community Guidelines.

Details: